| 000 | 01531cad a22002415a 4500 | ||
|---|---|---|---|
| 001 | L147236 | ||
| 008 | 090417s2009 xxkao f 000 0 eng d | ||
| 035 | _a(Sirsi) u147236 | ||
| 041 | 0 | _aeng | |
| 050 | 0 | 4 | _a306.1 $2 18 |
| 110 | 2 |
_aHomes and Communities Agency _95688 |
|
| 245 | 0 | 0 |
_aAffordable housing survey _ba review of the quality of affordable housing in England _h[electronic resource] |
| 260 |
_aLondon _bHomes and Communities Agecncy _c2009 |
||
| 505 | 2 | _aForeword -- Executive summary -- Introduction -- Findings -- Recommendations -- Appendices | |
| 520 | _aUsing the 'Building for Life Standard', surveys the affordable housing schemes which were either built by Registered Social Landlords (RSLs) or provided by them as market developers as part of planning agreements. Finds that nearly two thirds of schemes are either 'good' or 'very good'. A fifth of schemes were assessed as 'poor'. Scheme strengths were identified, but weaknesses revolved around a lack of response to context. Recommends closer working between RSLs and local planning authorities and enforcing minimum design standards. | ||
| 590 | _aKA NTK | ||
| 650 | 2 | 4 | _aBUILDING FOR LIFE STANDARD |
| 651 | 4 |
_aEngland _y886- |
|
| 690 | _aPROPERTY-RESIDENTIAL PROPERTY-RESIDENTIAL PROPERTY DEVELOPMENT | ||
| 710 | 1 |
_aCommission for Architecture and the Built Environment _94058 |
|
| 856 | 4 | 0 |
_uhttps://www.homesandcommunities.co.uk/public/documents/HCA_Affodable_Housing_survey.pdf _zView the report at www.homesandcommunities.co.uk... |
| 942 | _n0 | ||
| 999 |
_c109487 _d109487 |
||